DEVILOPMENTS IN AGRICLTURAL ANDMANAGED -FOREST ECOLOGY MANAGEMET OF SEMI-ARID ecosystems (Record no. 13346)

MARC details
000 -LEADER
fixed length control field 00458nam a22001697a 4500
003 - CONTROL NUMBER IDENTIFIER
control field OSt
005 - DATE AND TIME OF LATEST TRANSACTION
control field 20211019143546.0
008 - FIXED-LENGTH DATA ELEMENTS--GENERAL INFORMATION
fixed length control field 211019b |||||||| |||| 00| 0 eng d
020 ## - INTERNATIONAL STANDARD BOOK NUMBER
International Standard Book Number 0-444--141759-
040 ## - CATALOGING SOURCE
Transcribing agency HU
082 ## - DEWEY DECIMAL CLASSIFICATION NUMBER
Classification number 333.73
100 ## - MAIN ENTRY--PERSONAL NAME
Personal name WALK.B H.
9 (RLIN) 14266
245 ## - TITLE STATEMENT
Title DEVILOPMENTS IN AGRICLTURAL ANDMANAGED -FOREST ECOLOGY MANAGEMET OF SEMI-ARID ecosystems
260 ## - PUBLICATION, DISTRIBUTION, ETC.
Place of publication, distribution, etc. NEW YORK
Name of publisher, distributor, etc. AMSTERDAM
Date of publication, distribution, etc. 1979
300 ## - PHYSICAL DESCRIPTION
Extent 398
942 ## - ADDED ENTRY ELEMENTS (KOHA)
Source of classification or shelving scheme Dewey Decimal Classification
Koha item type Books like text book referance book
Suppress in OPAC No
Holdings
Withdrawn status Lost status Source of classification or shelving scheme Damaged status Not for loan Home library Current library Shelving location Date acquired Total Checkouts Full call number Barcode Date last seen Copy number Price effective from Koha item type
    Dewey Decimal Classification     College of Business and Economics Library College of Business and Economics Library General Stacks 10/19/2021   333.73/73 MBELIB00001461 10/19/2021 1 10/19/2021 Books like text book referance book